zpět

Detail výsledku týmu

The Pub Praha 2 PO, Praha

Datum a čas kvízu

32 Celkem bodů Celkový počet nahraných bodů na tomto kvízu bez doplňovacích otázek.
9. Pořadí na kvízu Konečné umístění týmu na tomto kvízu.

Zaznamenané odpovědi

# Otázka Odpověď Body Výsledky
1. Vláda minulý týden oznámila, ž... Marian Jurečka 1
2. Minulý týden navštívil Českou... Polska 0
3. Ve středu večer se konalo slav... David Stypka 1
4. Minulý týden konečně nabyl jas... Elon Musk, Twitter 1
5. Česká snowboardistka a sjezdov... windsurfing 1
6. Při závodech osmiveslic nesmí... kormidelníka 0
7. Aby byl kůň podle Mezinárodní... D 0
8. Celkem 22 koulí, plocha necelý... snooker 1
9. Kterou hodnotu určuje číslo 88... B 1
10. Křížová cesta je řada kapliček... 14 zastavení 0